000 00489nam a2200169Ia 4500
999 _c35990
_d35990
003 OSt
005 20201201105454.0
008 190216s9999||||xx |||||||||||||| ||und||
040 _coclc
082 _a613.2024796
_bPRI/D
100 _aPritikin, Nathan
_97078
245 0 _aDiet For Runners /
_cNathan Pritikin
260 _bBantam Books,
_c1986.
_aToronto:
300 _a256p
650 _aRunners Diet
942 _cBK
_2ddc
_h613.2024796
_iPRI/D
_k613.2024796
_mPRI/D